000 00662nam a22001577a 4500
020 _a978-81-7993-138-7
082 _a001
_bSEN/E
100 _aSEN, BENITA
245 _aENERGY FROM THE DROP OF WATER
250 _aFIRST EDITION
260 _aDELHI
_bTERI PRESS
_c2009
300 _a30
520 _aIT CAN CUT THROUGH THE MOUNTAINS, IT CAN SHAPE CIVILIZATIONS, AND IT CAN BRING LIGHT INTO PEOPL'S LIVES,. THATS THE AWESOME POWER OF WATER! FROM INGENIOUS INVENTIONS LIKE WATERWHEELS TO ENGINEERING MARVELS LIKE HYDROPOWER DAMS, LEARN HOW HUMAN BEINGS HAVE HARNESSED THE POWER IN WATER TO CREATE ENERGY!
650 _aHYDROPOWER, GREEN POWER
_zINDIA
942 _cBK
999 _c1916
_d1916